000 00582nam a2200193Ia 4500
005 20250508160935.0
008 008 250505s9999 xx 000 0 eng d
037 _aTextual
040 _aFEDL
_beng
_cFEDL
041 _aeng
_2eng
084 _a364.36, MAY
_qFEDL
100 _aMayo Patricia Elton
245 0 _aMaking of a criminal : A comparative study of two delinquency areas
260 _aLondon, UK
_bWeidenfeld and Nicolson
_c1969
300 _a147p.
490 _aThe nature of human society
942 _cTEXL
_h364.36, MAY
999 _c1367518
_d1367518